2022 FIFA World Cup Group B - England - Iran - Statistics

General Stats
  • This quiz has been taken 104 times
  • The average score is 19 of 35
Answer Stats
Player % Correct
Harry Kane
99%
Harry Maguire
96%
Jordan Pickford
93%
Raheem Sterling ¹
93%
Bukayo Saka ²
92%
John Stones
90%
Jude Bellingham ¹
89%
Phil Foden
89%
Luke Shaw
86%
Declan Rice
85%
Kieran Trippier
85%
Mehdi Taremi ²
85%
Gareth Southgate
77%
Marcus Rashford ¹
77%
Mason Mount
77%
Jack Grealish ¹
75%
Callum Wilson
56%
Sardar Azmoun
51%
Eric Dier
42%
Alireza Jahanbakhsh
35%
Alireza Beiranvand
31%
Ehsan Hajsafi
27%
Carlos Queiroz
25%
Hossein Hosseini
24%
Majid Hosseini
24%
Rouzbeh Cheshmi
24%
Milad Mohammadi
21%
Morteza Pouraliganji
18%
Ali Gholizadeh
17%
Ali Karimi
17%
Sadegh Moharrami
17%
Hossein Kanaanizadegan
15%
Mehdi Torabi
15%
Ahmad Nourollahi
13%
Saeid Ezatolahi
13%
No matching quizzes found
Score Distribution
Percent of People with Each Score
Percentile by Number Answered
Your Score History
You have not taken this quiz